Statistiques concernant Nombres impairs de 1 à 99 en 35 secondes

Cliquez ici pour prendre le quiz!

Statistiques générales

  • Ce quiz a été pris 142 fois
  • Le résultat moyen est 34 sur 50

Statistiques - réponses

Nombres impairs% Correct
1
100%
5
99%
11
98%
3
98%
13
97%
7
97%
9
96%
15
95%
17
95%
19
95%
21
95%
25
94%
27
94%
23
93%
31
93%
29
91%
33
91%
37
91%
35
90%
39
88%
41
88%
43
83%
45
83%
47
82%
49
80%
51
79%
53
74%
55
72%
57
72%
59
66%
61
64%
63
59%
65
50%
67
50%
71
46%
69
43%
73
41%
77
40%
75
37%
79
36%
81
34%
83
29%
85
28%
91
26%
87
23%
89
23%
93
21%
95
19%
99
19%
97
18%

Distribution des résultats

Percentile par nombre de réponses

% des personnes avec chaque résultat

Votre développement - résultats

Vous n’avez pas pris ce quiz